| 000 | 004060000a22001930004500 | ||
|---|---|---|---|
| 650 | _aNepali language | ||
| 650 | _aGrammar | ||
| 650 | _aTeaching | ||
| 082 |
_a495.518 _bM522c |
||
| 530 | _aM | ||
| 100 | _aMathews, David | ||
| 245 | _aA course in Nepali | ||
| 250 | _a2nd edn | ||
| 260 |
_aNew Delhi _bHeritage Publishers |
||
| 260 | _c1992 | ||
| 041 | _aEng | ||
| 300 | _aiv,344p. | ||
| 942 | _cGEN | ||
| 999 |
_c7081 _d7081 |
||